000 01153cam a2200217 4500
001 ABS66656
008 030429n2003 000 0 eng u
035 _a(Sirsi) u122131
100 _aMcMahon, P.
245 4 _aThe impact of legislatory driven assessment methods and waste management policy upon the remediation of contaminated land
260 _c2003
490 _aBuilding Engineer
_v April 2003, 24-26(3)
520 _aExamines a range of remediation methods which are available, many of which are suitable for organic compounds rather than for more stable heavy metals. Considers the relevant legislation such as the Environmental Protection Act 1990 Part IIA and Building Regulations 1991 Approved Document C (1992 edition). Includes the legal definition of contaminated land and suggests various strategies for dealing with it. Tables.
590 _aABS
650 _aCONTAMINATED LAND
650 _aREMEDIATION METHODS
650 _aENVIRONMENTAL PROTECTION ACT 1990 PART IIA
650 _aBUILDING REGULATIONS 1991 APPROVED DOCUMENT C (1992 EDITION)
690 _aENVIRONMENTAL AND LAND CONSULTANCY-WASTE MANAGEMENT
942 _n0
999 _c72580
_d72580